000 00531nam a2200217 a 4500
003 AR-BaBNM
005 20251128205308.0
008 082120s2002 ||||||||||||||000 | spa||
040 _cAR-BaBNM
100 1 _aCasaus, VĂ­ctor
245 0 0 _aMaravilla del mundo
260 _aLa Habana
_bLetras cubanas
_c1989
300 _a76 p.
650 4 _aLITERATURA LATINOAMERICANA
650 4 _aPOESIA
650 4 _aLITERATURA CONTEMPORANEA
653 _aLITERATURA CUBANA
655 _aLITERATURA
942 _cBK
998 _cMARTIN
999 _c10796
_d10796